00622nam a2200157Ia 4500008004100000020001800041082001800059100003500077245008900112260002200201300001000223500001700233650010500250952009200355999001700447120629s9999 xx 000 0 und d a968-18-5407-1 a330.972 A543e aAnda Gutiérrez, Cuauhtémoc aEstructura Socioeconómica de México (1940-2000) / Cuauhtémoc Anda Gutiérrez aMéxico : Limusa a330 p aBliografìa a1. MEXICO-POLITICA Y GOBIERNO \ 2. MEXICO-CONDICIONES SOCIALES \ 3. MEXICO-CONDICIONES ECONOMICASÌ 00104070a15b15d2008-06-13l0o330.972 A543Ep15 002868r2017-12-07w2012-06-28yLB c76239d76239